Visualizzazione normale
Vista MARC
- H. Schùrmann
di Personal Name
Records bibliografici associati: 1
001 - CONTROL NUMBER
- control field: 36318
003 - CONTROL NUMBER IDENTIFIER
- control field: IT-RoPau
005 - DATE AND TIME OF LATEST TRANSACTION
- control field: 20151020223648.0
008 - FIXED-LENGTH DATA ELEMENTS
- fixed length control field: 151020|| aca||aabn | a|a d
040 ## - CATALOGING SOURCE
- Original cataloging agency: IT-RoPau
- Transcribing agency: IT-RoPau
100 ## - HEADING--PERSONAL NAME
- Personal name: H. Schùrmann
670 ## - SOURCE DATA FOUND
- Source citation: Work cat.: (IT-RoPau)36816: Joseph Ratzinger 35937, Prospettive di morale cristiana. Sul problema del contenuto e del fondamento dell’ethos cristiano